000 00642nam a2200277Ia 4500
005 20260324124758.0
008 008 260324s9999 xx 000 0 eng d
020 _a9781315810829
037 _aEBOOK
040 _aCRL
040 _beng
040 _cCRL
041 _2eng
041 _aeng
084 _qCRL
100 _aMichael P. Conzen
_91175454
245 4 _aThe Making of the American Landscape
260 _bTaylor and Francis
260 _c2010
365 _a
365 _b290
856 _uhttp://www.taylorfrancis.com/books/9781315810829
942 _cEBOOK
999 _c1770153
_d1770153